000 00296nam a22001337a 4500
008 190305b xxu||||| |||| 00| 0 eng d
020 _a0867091010
041 _aeng
080 _a371
100 _a46
101 _aEDU
245 _aWriting Across the curriculum
_cMarting,N
942 _2udc
_cBK
999 _c54475
_d54475